| 000 | 00586nam a22001817a 4500 | ||
|---|---|---|---|
| 005 | 20140618110134.0 | ||
| 010 | _aENG-109610 | ||
| 020 |
_c100.00 _a9788189941338 |
||
| 035 | _aEN-93143 | ||
| 037 | _bDBAD/PUB | ||
| 082 | _a571.1 | ||
| 245 |
_aAnimal physiology and biochemistry / _cby N. Arumugam...[et al] |
||
| 260 |
_bSaras Publication _c2013 _aKanyakumari |
||
| 270 |
_bKanyakumari _e629002 _a114/35G, A. R. P. Camp Road, Periavilai, Kottar P. O., Nagercoil |
||
| 300 |
_axiv,362p. _c20cm(pbk) |
||
| 700 | _aArumugam, N. | ||
| 942 |
_2ddc _cEN _mANI _h571.1 |
||
| 999 |
_c83149 _d83149 |
||